000 00711nam a22002057a 4500
999 _c12268
_d12268
003 AR-CdUCM
008 190408b ||||| |||| 00| 0 spa d
040 _aMUNICIPALIDAD PROVINCIAL DEL CUSCO
_cBIBLIOTECA MUNICIPAL DEL CUSCO
082 _a920 /
_bP26 /
100 _aPardo Bazan, E.
_930033
245 _aPor Francia y por Alemania :
_b(Crónica de la exposición) /
260 _aMadrid :
_bLa España,
300 _a260 páginas ;
_c18 cm.
505 _aContenido : El palacio de las maquinas -- El gigante -- Politiqueos -- Trapos, moños y perendengues ...
650 _aHistoria
_9136
650 _aFrancia
_91444
650 _aAlemania
_91327
942 _2ddc
_cLIBROS
945 _arah
_d08/04/2019